[Event "HUN-chT U18"]
[Site "Budapest"]
[Date "2019.10.29"]
[Round "6.4"]
[White "Novak, Levente Peter"]
[Black "Sulyok, Eszter"]
[Result "0-1"]
[WhiteElo "1639"]
[BlackElo "1893"]
[PlyCount "96"]
[EventDate "2019.10.26"]
[EventType "team-swiss"]
[EventRounds "7"]
[EventCountry "HUN"]
[SourceTitle "CBM 192 Extra"]
[Source "Chessbase"]
[SourceDate "2019.11.06"]
[SourceVersion "1"]
[SourceVersionDate "2019.11.06"]
[SourceQuality "1"]
[WhiteTeam "Sarkany DSE"]
[BlackTeam "Penzugyor"]
[WhiteTeamCountry "HUN"]
[BlackTeamCountry "HUN"]

1. e4 c5 2. Nf3 e6 3. d4 cxd4 4. Nxd4 a6 5. Nc3 Qc7 6. Be2 Nf6 7. 0-0 Bb4 8. Qd3 Nc6 9. Bg5 Be7 10. Be3 0-0 11. Kh1 Ne5 12. Qd2 Bb4 13. f3 b5 14. Bg5 Be7 15. f4 Ng6 16. e5 Ne8 17. Bxe7 Nxe7 18. Bf3 Rb8 19. Ne4 d5 20. exd6 Nxd6 21. Nxd6 Qxd6 22. Rad1 Rd8 23. Qe3 Qc7 24. Be4 Bb7 25. c3 Bxe4 26. Qxe4 Rd6 27. Rd3 Rbd8 28. Rfd1 b4 29. Ne2 Rxd3 30. Rxd3 bxc3 31. Rxd8+ Qxd8 32. Nxc3 h6 33. h3 Qd2 34. Qa8+ Kh7 35. Qxa6 Qc1+ 36. Kh2 Qxf4+ 37. Kh1 Qc1+ 38. Kh2 Qxb2 39. Qd3+ Ng6 40. a4 f5 41. a5 Nf4 42. Qf3 Nxg2 43. Qxg2 Qxc3 44. a6 Qe5+ 45. Qg3 Qe2+ 46. Kh1 Qxa6 47. Qe5 Qc6+ 48. Kh2 Qe4 0-1

[Event "HUN-chT2 Erkel 1819"]
[Site "Hungary"]
[Date "2019.03.31"]
[Round "8.12"]
[White "Geresdi Horvath, Agoston"]
[Black "Novak, Levente Peter"]
[Result "1/2-1/2"]
[WhiteElo "1428"]
[BlackElo "1659"]
[PlyCount "58"]
[EventDate "2018.10.28"]
[EventType "team-tourn"]
[EventRounds "9"]
[EventCountry "HUN"]
[SourceTitle "EXT 2021"]
[Source "ChessBase"]
[SourceDate "2020.10.23"]
[SourceVersion "1"]
[SourceVersionDate "2020.10.23"]
[SourceQuality "1"]
[WhiteTeam "Pestszentlorinc"]
[BlackTeam "Sarkany DSE"]
[WhiteTeamCountry "HUN"]
[BlackTeamCountry "HUN"]

1. Nf3 d6 2. d4 g6 3. Bf4 Bg7 4. e3 Nf6 5. Bd3 0-0 6. 0-0 Bg4 7. Nbd2 Nc6 8. h3 Bd7 9. c3 Re8 10. Bg5 Qc8 11. Qb3 Na5 12. Qc2 c5 13. Ne4 Nxe4 14. Bxe4 f5 15. Bd3 c4 16. Be2 d5 17. Bf4 Nc6 18. b3 b5 19. bxc4 bxc4 20. Rfb1 e5 21. dxe5 Nxe5 22. Nxe5 Bxe5 23. Bxe5 Rxe5 24. Bf3 Bc6 25. Rb2 Re7 26. Rab1 Qc7 27. Qd2 Rd8 28. Qd4 Qd6 29. Rb4 Ree8 1/2-1/2

[Event "HUN-chT2 Erkel 1617"]
[Site "Hungary"]
[Date "2017.02.26"]
[Round "9.10"]
[White "Karacsonyi, Gellert"]
[Black "Novak, Levente Peter"]
[Result "1-0"]
[WhiteElo "1978"]
[BlackElo "1714"]
[PlyCount "61"]
[EventDate "2016.09.25"]
[EventType "team-tourn"]
[EventRounds "11"]
[EventCountry "HUN"]
[SourceTitle "EXT 2021"]
[Source "ChessBase"]
[SourceDate "2020.10.23"]
[SourceVersion "1"]
[SourceVersionDate "2020.10.23"]
[SourceQuality "1"]
[WhiteTeam "Budapest Kobanya II"]
[BlackTeam "Sarkany DSE"]
[WhiteTeamCountry "HUN"]
[BlackTeamCountry "HUN"]

1. e4 c5 2. Nf3 d6 3. d4 cxd4 4. Nxd4 Nf6 5. Nc3 g6 6. Be3 Bg7 7. f3 Nc6 8. Qd2 0-0 9. Bc4 Bd7 10. 0-0-0 Rc8 11. Bb3 Nxd4 12. Bxd4 b5 13. Nd5 Nxd5 14. Bxg7 Kxg7 15. exd5 a5 16. Qd4+ Kg8 17. a3 Rc5 18. g4 Qc7 19. Rd2 Rb8 20. h4 a4 21. Ba2 b4 22. axb4 Rcb5 23. Qc3 Qb6 24. h5 Rc8 25. Qd4 Rxb4 26. Qxb6 Rxb6 27. hxg6 hxg6 28. g5 f6 29. gxf6 exf6 30. Rdh2 f5 31. Rh8+ 1-0

[Event "HUN-chT2 Erkel 1617"]
[Site "Hungary"]
[Date "2016.09.25"]
[Round "1.12"]
[White "Novak, Levente Peter"]
[Black "Kozsik, Bende Barnabas"]
[Result "1-0"]
[WhiteElo "1714"]
[BlackElo "1765"]
[PlyCount "99"]
[EventDate "2016.09.25"]
[EventType "team-tourn"]
[EventRounds "11"]
[EventCountry "HUN"]
[SourceTitle "EXT 2021"]
[Source "ChessBase"]
[SourceDate "2020.10.23"]
[SourceVersion "1"]
[SourceVersionDate "2020.10.23"]
[SourceQuality "1"]
[WhiteTeam "Sarkany DSE"]
[BlackTeam "Budapest EAC"]
[WhiteTeamCountry "HUN"]
[BlackTeamCountry "HUN"]

1. e4 c5 2. Nf3 Nc6 3. d4 cxd4 4. Nxd4 g6 5. Nc3 Bg7 6. Be3 Nf6 7. Bc4 Qa5 8. 0-0 0-0 9. Bb3 d6 10. f3 Bd7 11. Qd2 Rfc8 12. Kh1 Qh5 13. Nd5 Nxd5 14. Bxd5 Qe5 15. c3 Na5 16. Bg5 Bf6 17. Bf4 Qh5 18. g4 Qh3 19. Ne2 Bb5 20. Ng1 Qxf1 21. Rxf1 Bxf1 22. Bxf7+ Kxf7 23. Qd5+ e6 24. Qxa5 b6 25. Qb4 e5 26. g5 Be7 27. Be3 Bc4 28. Qa4 Ke6 29. b3 Bf1 30. c4 Rab8 31. Qb5 a6 32. Qd5+ Kd7 33. Qd1 Bxc4 34. bxc4 Rxc4 35. Qb3 b5 36. Qa3 Ra4 37. Qb3 Rc4 38. Qd1 a5 39. Qd5 Rc6 40. f4 exf4 41. Bxf4 Rc5 42. Qd2 b4 43. e5 Rb6 44. Be3 Bxg5 45. Bxg5 Rxe5 46. Bf4 Re6 47. Nf3 a4 48. Qd4 Rb5 49. Qa7+ Ke8 50. Qxa4 1-0

[Event "Budapest op 08"]
[Site "Budapest"]
[Date "2012.08.18"]
[Round "1"]
[White "Kozma, Gabor"]
[Black "Novak, Levente Peter"]
[Result "1-0"]
[WhiteElo "1959"]
[BlackElo "1563"]
[PlyCount "41"]
[EventDate "2012.08.18"]
[EventType "swiss"]
[EventRounds "9"]
[EventCountry "HUN"]
[SourceTitle "EXT 2014"]
[Source "ChessBase"]
[SourceDate "2013.11.20"]
[SourceVersion "1"]
[SourceVersionDate "2013.11.20"]
[SourceQuality "1"]

1. e4 e5 2. Nf3 Nc6 3. Bb5 d6 4. 0-0 Nf6 5. Re1 Be7 6. c3 0-0 7. h3 Be6 8. d4 d5 9. Bxc6 bxc6 10. Nxe5 Nxe4 11. Nxc6 Qd6 12. Nxe7+ Qxe7 13. Nd2 Nf6 14. Nf3 Qd7 15. Ne5 Qd6 16. Bf4 Rfe8 17. Qf3 Rab8 18. Re2 h6 19. Bxh6 gxh6 20. Qxf6 Kh7 21. Nxf7 1-0